1021 1484 1735 1818 1177 1828 1410 1588 1301 1801 1969 1679 1591 1054 1886 1689 1255 1723 1148 1737 1159 1002 1950 1723 1420 1221 1663 1631 1748 1885 1623 1541 1747 1868 1804 1221 1168 1533 1814 1369 1778 1623 1492 1695 1940 1874 1152 1440 1678 1795 1912 1445 1239 1199 1233 1286 1159 1452 1162 1891 1727 1664 1178 1779 1412 1339 1588 1404 1762 1880 1171 1006 1075 1983 1605 1340 1637 1211 1108 1672 1563 1844 1795 1979 1852 1551 1024 1354 1015 1339 1209 1953 1683 1661 1153 1310 1343 1868 1402 BCNSPRNW ULIB Ver.6.0+V

เปลี่ยนเป็นภาษาไทย

Change to English
 แสดงรายละเอียดบรรณานุกรม
  กลับหน้าหลัก

Brief Record : Get Marc (ISO 2709) : E-mail record : QR code < ปิดหน้าต่าง
LEADER : 00000nam 2200000uu 4500
001    13399128373
003     ULIB
008    230707s2564||||th 000 0 tha d
020    ^a9786164436299
060 04 ^aWL100^bก673ต^cล.1
100 0  ^aกิตติคุณ วิวัฒน์ภิญโญ
245 10 ^aตำราประสาทวิทยาศาสตร์.^bเล่ม 1 /^cกิตติคุณ วิวัฒน์ภิญโญ, นวลจันทร์จุฑาภักดีกุล, วรสิทธิ์ ศิริพรพาณิชย์
250    ^aพิมพ์ครั้งที่ 1
260    ^aนครปฐม :^bสำนักพิมพ์มหาวิทยาลัยมหิดล,^c2564
300    ^axxxv, 395 หน้า :^bภาพประกอบ ;^c26 ซม.
505 0  ^aสมอง จิตใจ และพฤติกรรม -- บทนำระบบประสาทของมนุษย์ --เซลล์และเนื้อเยื่อของระบบประสาท -- พัฒนาการของระบบประสาท --เยื่อหุ้มสมอง ระบบโพรงสมอง และน้ำเลี้ยงสมองไขสันหลัง --ระบบหลอดเลือดสมอง -- เซรีบรัม -- ไดเอนเซฟาลอน --ก้านสมองส่วนมิดเบรน -- เซรีเบลลัมและก้านสมองส่วนพอนส์ --ก้านสมองส่วนมิดเบรน -- ก้านสมองส่วนเมดัลลา -- เส้นประสาทสมอง --ไขสันหลัง -- เซลล์ประสาทสั่งการและวิถีประสาทสั่งการขาลง --การควบคุมการเคลื่อนไหวโดยเบซัลแกงเกลียและเซรีเบลลัม --ระบบการทรงตัว และการควบคุมเคลื่อนไหวของลูกตา --ระบบการรับความรู้สึกทางกาย --การตรวจร่างกายทางระบบประสาทและการระบุตำแหน่งรอยโรคในระบบประสาท
650  4 ^aประสาทวิทยาศาสตร์
650  4 ^aระบบประสาท
700 0  ^aนวลจันทร์ จุฑาภักดีกุล
700 0  ^aวรสิทธิ์ ศิริพรพาณิชย์
945    ^p520^l0^i009853
945    ^p520^l0^i009854
945    ^p520^l0^i009855
999    ^aประนอม เกษจรัล
รายการนี้ยังไม่มีแท็ก
คุณยังไม่ได้ล็อกอิน คุณสามารถมีกิจกรรมร่วมกับเว็บไซต์ได้ แต่ต้องล็อกอินก่อน ::
  ล็อกอิน

รายการสื่อสารสนเทศ

ลำดับที่ ประเภท เลขเรียก/บาร์โค้ด สถานที่ สถานะ
1. วิทยาศาสตร์การแพทย์ และสุขภาพ
หนังสือสำรอง
สถานะ=หนังสือสำรอง
WL100 ก673ต ล.1 ฉ.1 
  Barcode: 009853
ห้องสมุดวิทยาเขตสวรรค์ประชารักษ์
►หนังสือทั่วไป
บนชั้น
2. วิทยาศาสตร์การแพทย์ และสุขภาพ
วิทยาศาสตร์การแพทย์ และสุขภาพ
WL100 ก673ต ล.1 ฉ.2 
  Barcode: 009854
ห้องสมุดวิทยาเขตสวรรค์ประชารักษ์
►หนังสือทั่วไป
บนชั้น
3. วิทยาศาสตร์การแพทย์ และสุขภาพ
วิทยาศาสตร์การแพทย์ และสุขภาพ
WL100 ก673ต ล.1 ฉ.3 
  Barcode: 009855
ห้องสมุดวิทยาเขตสวรรค์ประชารักษ์
►หนังสือทั่วไป
บนชั้น

รายการใกล้เคียง
    ผู้แต่ง [กิตติคุณ วิวัฒน์ภิญโญ]

    หัวเรื่อง [ประสาทวิทยาศาสตร์]
    หัวเรื่อง [ระบบประสาท]

BibComment


ยังไม่เคยถูกคอมเมนท์

คอมเมนท์ทรัพยากรรายการนี้
  คอมเมนท์: ตำราประสาทวิทยาศ..


 Copyright 2026. Bcnsprnw @Library